000 00503nam a2200157 i 4500
001 81930
003 ES-MaACL
005 20230906174534.0
007 t|
008 041108s1944 sp ||||1| spa d
245 0 0 _aIndice legislativo de Guinea /
_cFrancisco Martos Avila ... [et al.].
260 _aMadrid :
_bInstituto de Estudios PolĂ­ticos,
_c1944 (
_fDiana)
300 _aXXIII, 245 p. ;
_c21 cm.
710 2 _aInstituto de Estudios PolĂ­ticos (Madrid)
_94924
852 _aES-MaACL
_jC-4773
_bR.25096
999 _c81930
_d81930